| 000 | 01402 a2200253 4500 | ||
|---|---|---|---|
| 005 | 20080911103755.0 | ||
| 008 | 080911t xxu||||| |||| 00| 0 hin d | ||
| 010 | _aHIN-79578 | ||
| 020 |
_c25.00 _a8126023902 |
||
| 035 | _aHN-51924 | ||
| 037 | _bD.B.Act / ven | ||
| 082 | _a820.92 | ||
| 100 | _aत्रिपाठी, राममूर्ति | ||
| 245 |
_aवासुदेवशरण अग्रवाल _cराममूर्ति त्रिपाठी |
||
| 246 |
_aVasudev saran Agarwal _bby Rammurti Tripathi |
||
| 260 |
_aनई दिल्ली _bसाहित्य अकादेमी _c2006 |
||
| 260 | _aदिल्ली (वितरक) नार्थ इंडिया पब्लिशर्स | ||
| 270 |
_aरवीन्द्र भवन, 35, फीरोजशाह मार्ग _bनई दिल्ली _e110001 |
||
| 270 | _aई1/265 सोनिया विहार | ||
| 300 |
_a112पृ _c22 सेमी (अजिल्द) |
||
| 490 | _a(भारतीय साहित्य के निर्माता) | ||
| 942 |
_adpl _cHN _k820.92 / त्रिपाठी _2ddc _h820.92 _mत्रिपाठी |
||
| 999 |
_c3009 _d3009 |
||